000 00534nam a2200193Ia 4500
003 LDD
008 181029s9999 xx 000 0 und d
020 _a9780415327060
_cP 21.99
040 _cLDD
100 _aNurmi, Hannu
245 0 _aModels of political economy
_cHannu Nurmi
260 _aNew York
_bRoutledge
_c2006
300 _axvi, 222p.
365 _bP 21.99
901 _a3620
_b05-01-2007
902 _aIN3705
_b16-01-2007
_cF
_dSB
_e33
903 _aDiscount-10
_bReqst by : Madhu Bala(Dr. Mrs.)
942 _2ddc
_cBK
999 _c77131
_d77131